| 000 | 02490cam a22004454a 4500 | ||
|---|---|---|---|
| 999 |
_c130405 _d130405 |
||
| 001 | 16909877 | ||
| 003 | ARRUPE | ||
| 005 | 20200312123431.0 | ||
| 008 | 110803s2012 vauabf b 001 0 eng c | ||
| 010 | _a 2011032979 | ||
| 020 | _a9780813932729 (cloth : alk. paper) | ||
| 020 | _a0813932726 (cloth : alk. paper) | ||
| 020 | _a9780813932750 (ebook) | ||
| 020 | _a0813932750 (ebook) | ||
| 035 | _a(OCoLC)ocn746712294 | ||
| 040 |
_aIEN/DLC _beng _cDLC _dYDX _dBTCTA _dYDXCP _dBDX _dDLC |
||
| 042 | _apcc | ||
| 043 |
_af-mz--- _ae-po--- _af------ |
||
| 050 | 0 | 0 |
_aHD4875.M85 _bA45 2012 |
| 082 | 0 | 0 |
_a331.117309679 _223 |
| 100 | 1 |
_aAllina-Pisano, Eric. _949634 |
|
| 245 | 1 | 0 |
_aSlavery by any other name : _bAfrican life under company rule in colonial Mozambique / _cEric Allina. |
| 260 |
_aCharlottesville : _bUniversity of Virginia Press, _c2012. |
||
| 300 |
_axiii, 255 p., [10] p. of plates : _bill., maps ; _c24 cm. |
||
| 490 | 1 | _aReconsiderations in southern African history | |
| 504 | _aIncludes bibliographical references and index. | ||
| 505 | 0 | _aEnding slavery and creating empire in Africa: from the "Indelible stain" to the "light of civilization" -- From law to practice: "certain excesses of severity" -- The critiques and defenses of modern slavery: from without and within, above and below -- Mobility and tactical flight: of workers, chiefs, and villages -- Targeting chiefs: from "fictitious obedience" to "extraordinary political disorder" -- Seniority and subordination: disciplining youth and controlling women's labor -- An "absolute freedom" circumscribed and circumvented: "Employers chosen of their own free will" -- Upward mobility: "improvement of one's social condition" -- Conclusion: forced labor's legacy. | |
| 610 | 2 | 0 |
_aCompanhia de Moçambique _xHistory. _949635 |
| 650 | 0 |
_aForced labor _zMozambique _xHistory. _949636 |
|
| 650 | 0 |
_aLabor policy _zMozambique _xHistory. _949637 |
|
| 651 | 0 |
_aMozambique _xHistory _y1891-1975. _93227 |
|
| 651 | 0 |
_aMozambique _xEconomic conditions _yTo 1975. _949638 |
|
| 651 | 0 |
_aPortugal _xColonies _zAfrica _xAdministration. _949639 |
|
| 830 | 0 |
_aReconsiderations in southern African history. _93804 |
|
| 856 | 4 | 2 |
_3Book review (H-Net) _uhttp://www.h-net.org/reviews/showrev.php?id=38359 |
| 856 | 4 | 2 |
_3Book review (H-Net) _uhttp://www.h-net.org/reviews/showrev.php?id=41933 |
| 906 |
_a7 _bcbc _corignew _d1 _eecip _f20 _gy-gencatlg |
||
| 942 |
_2lcc _cMONOGRAPH |
||